Bí quyết đối mặt với căng thẳng của người thành công Những công cụ hữu ích giúp bạn bình tĩnh, tự tin, làm việc hiệu quả khi phải đối mặt với áp lực

Đưa ra những bí quyết để thành công khi phải đối mặt với áp lực như thay đổi cách nhìn nhận để tìm ra giải pháp mới, học cách tập trung khi đang quá tải, lấy lại năng lượng khi đang kiệt sức, giữ bình tĩnh khi bạn lo lắng và giải quyết ca...

সম্পূর্ণ বিবরণ

সংরক্ষণ করুন:
গ্রন্থ-পঞ্জীর বিবরন
প্রধান লেখক: Melnick, Sharon
অন্যান্য লেখক: Nguyễn, Hoài Linh
বিন্যাস: গ্রন্থ
ভাষা:Undetermined
প্রকাশিত: H. Lao động; Công ty Sách Panda 2015
বিষয়গুলি:
অনলাইন ব্যবহার করুন:http://lrc.tdmu.edu.vn/opac/search/detail.asp?aID=2&ID=26231
ট্যাগগুলো: ট্যাগ যুক্ত করুন
কোনো ট্যাগ নেই, প্রথমজন হিসাবে ট্যাগ করুন!
Thư viện lưu trữ: Trung tâm Học liệu Trường Đại học Thủ Dầu Một
LEADER 01399nam a2200229Ia 4500
001 TDMU_26231
008 210410s9999 xx 000 0 und d
082 |a 338.959774 
090 |b M201 
100 |a Melnick, Sharon 
245 0 |a Bí quyết đối mặt với căng thẳng của người thành công 
245 0 |b Những công cụ hữu ích giúp bạn bình tĩnh, tự tin, làm việc hiệu quả khi phải đối mặt với áp lực 
245 0 |c Sharon Melnick; Nguyễn Hoài Linh (dịch) 
260 |a H. 
260 |b Lao động; Công ty Sách Panda 
260 |c 2015 
300 |a 419tr. 
520 |a Đưa ra những bí quyết để thành công khi phải đối mặt với áp lực như thay đổi cách nhìn nhận để tìm ra giải pháp mới, học cách tập trung khi đang quá tải, lấy lại năng lượng khi đang kiệt sức, giữ bình tĩnh khi bạn lo lắng và giải quyết căng thẳng từ gốc rễ 
650 |a Tâm lí học ứng dụng  |x Bí quyết thành công; Áp lực công việc  |x Cách xử lý 
700 |a Nguyễn, Hoài Linh 
856 |u http://lrc.tdmu.edu.vn/opac/search/detail.asp?aID=2&ID=26231 
980 |a Trung tâm Học liệu Trường Đại học Thủ Dầu Một